Statistics for Bands that Start with "A"

Click here to take the quiz!

General Stats

  • This quiz has been taken 46 times
  • The average score is 7 of 14

Answer Stats

HintAnswer% Correct
Mamma MiaABBA
95%
Highway to HellACDC
93%
Take On MeA-ha
88%
Sweet EmotionAerosmith
66%
A Horse With No NameAmerica
59%
Sugar SugarThe Archies
51%
The SignAce of Base
44%
Ramblin' ManAllman Brothers Band
41%
Do I Wanna Know?Arctic Monkeys
41%
All Out of LoveAir Supply
37%
Gives You HellThe All-American Rejects
27%
Like A StoneAudioslave
24%
Wake UpArcade Fire
17%
WeakAJR
5%

Score Distribution

Percentile by Number Answered

Percent of People with Each Score

Your Score History

You have not taken this quiz